000 00607nam a2200193 a 4500
001 51406
005 20180714040838.0
008 140415s2000 gw 000 0 spa d
020 _a3929713292
041 _aspa
082 _a616.3623
_bRAS
100 1 _aRASENACK, J.
245 1 0 _aHEPATITIS VIRAL :
_bDIAGNOSTICO
250 _a1a ed.
260 _aALEMANIA :
_bFALK FOUNDATION E.V.,
_c2000
300 _a126
_c18 x 0.3 x 21
520 _aMANUAL SOBRE EL DIAGNOSTICO Y TRATAMIENTO DE LOS DIFERENTES TIPOS DE HEPATITIS
650 1 4 _aHEPATITIS
_xHEPATITIS B
_xHEPATITIS C
_xHEPATITIS VIRAL
999 _c51406
_d51406